UTILIZATION OF DAYLIGHT SIMULATION IN LIGHT- PIPE EFFICACY ASSESSMENT

Bibliographic Details
Main Author: Maňková, Lucia (Author)
Format: Article
Language:English
ISBN:9788022728881

MARC

LEADER 00000naa a2200000uu 4500
001 vtls011075467
003 SK-MaSNL
005 20260302111533.0
008 210908|2008 xo |||||||||||||||||eng|
015 |a SNBRA 
035 |a (urnnbn)urn:nbn:sk:snk:ar-a0ce2x 
035 |a (uuid)b9fac150-e713-48bb-80cf-0f2e2eaa1871 
035 |a urn:nbn:sk:snk-aavk8u 
040 |a SNKBUCL  |b slo  |c SNKBUCL  |e AACR2 
041 0 |a eng 
044 |a xo  |c SK 
100 1 |a Maňková, Lucia  |4 aut  |9 550018 
245 1 0 |a UTILIZATION OF DAYLIGHT SIMULATION IN LIGHT- PIPE EFFICACY ASSESSMENT  |c Lucia Maňková 
773 0 |t Computer Aided Building Physical Modeling 2008  |d In Bratislava : Slovak Universizy of technology, 2008  |g S. 65-68  |z 9788022728881 
958 |a OND 
958 |a article12 
958 |a chapter 
999 |c 1248072  |d 1250002